• 首页
  • 本馆介绍
  • 公告通知
  • 最新文献
  • 馆藏检索
  • 电子资源
  • 读者荐购
  • 参考咨询
  • CALIS
  • 我的图书馆
  • 登录
  • 详细信息显示
  • 放入我的书架
  • 预约/预借图书
  • 作者相关作品
  • 分类相关作品
  • 丛书相关作品
  • 出版社相关作品

书目信息

  • 表格格式
  • 工作单格式
  • 卡片格式
题名:
注册造价工程师考试复习教程
    
 
作者: 王维如 主编
分册:  
出版信息: 上海   同济大学出版社  1998.09
页数: 671页
开本: 16开
丛书名:
单 册:
中图分类:
科图分类:
主题词: 建筑工程--施工组织 , 建筑工程--施工计划
电子资源:
ISBN: 7-5608-1964-8
 
 
 
 
 
000 00674nam0 2200217 45
001 9909141646
005 20001114181635.1
010    @a7-5608-1964-8@d60.00元
100    @a19990914d1998 km y0chiy0120 ea
101    @achi
105    @a z 000yy
200 1  @a注册造价工程师考试复习教程@AZhu Ce Zao Jia Gong Cheng Shi Kao Shi Fu Xi Jiao Cheng@f王维如,赵志缙主编@FWang Wei Ru,Zhao Zhi Jin Zhu Bian
210    @a上海@c同济大学出版社@d1998.09
215    @a671页@d16开
606 0  @a建筑工程@x施工组织
606 0  @a建筑工程@x施工计划
690    @v3
690    @aTU723@v3
701    @a王维如@4主编
801    @aCN@bPFTUser@c19990914
905    @dTU723@eW745/3@b404647-651@f5
    
    注册造价工程师考试复习教程/王维如,赵志缙主编.-上海:同济大学出版社,1998.09
    671页;16开
    
    
    ISBN 7-5608-1964-8:60.00元
    
●
相关链接 在E读中查询图书 在当当中查询图书 在豆瓣中查询图书


正题名:注册造价工程师考试复习教程     索取号:TU723/W745/3         预约/预借

序号 登录号 条形码 馆藏地/架位号 状态 备注
1 404647   204046479   自科二线404/404自科库 12排4列3层/ [索取号:TU723/W745/3] 在馆    
2 404648   204046488   建筑库201/201建筑库 30排4列4层/ [索取号:TU723/W745/3] 在馆    
3 404649   204046497   建筑库201/201建筑库 30排4列4层/ [索取号:TU723/W745/3] 在馆    
4 404650   204046503   建筑库201/201建筑库 30排4列4层/ [索取号:TU723/W745/3] 在馆    
5 404651   204046512   建筑库201/201建筑库 30排4列4层/ [索取号:TU723/W745/3] 在馆    
河南城建学院图书馆 欢迎您!
大连网信软件有限公司© 版权所有